| 000 | 00598nam a2200229Ia 4500 | ||
|---|---|---|---|
| 001 | 16172 | ||
| 003 | GE_BSU | ||
| 008 | 181216s||||||||xx |||||||||||||| ||und|| | ||
| 020 | _a9780307472250 | ||
| 040 | _cGE_BSU | ||
| 080 | _a154.2 | ||
| 100 | _aMlodinow, Leonard | ||
| 245 | _aSubliminal: How Your Unconscious Mind Rules Your Behavior | ||
| 260 | _aNew York | ||
| 260 | _bVintage books | ||
| 260 | _c2012 | ||
| 300 | _a260p.ill.21cm. | ||
| 541 | _h44gel. | ||
| 653 | _aSubliminal: How Your Unconscious Mind Rules Your Behavior | ||
| 653 | _aფსოქოლოგია | ||
| 942 | _cBK | ||
| 999 |
_c49258 _d49258 |
||